| 000 | 00363nam a2200145 a 4500 | ||
|---|---|---|---|
| 001 | 955 | ||
| 003 | CDMR | ||
| 005 | 20130116135159.0 | ||
| 008 | 130130s1997||||||||||||||||||||||||||||d | ||
| 040 |
_aCDMR _bcat _cCPC GIRONA |
||
| 100 | 1 |
_aBenet i Jornet, Josep Maria _9274 |
|
| 245 | 1 | 3 |
_aEl gos del tinent _cBenet i Jornet, J.M. |
| 260 |
_c1997 _bEdicions 62 |
||
| 942 | _cMON | ||
| 999 |
_c955 _d955 |
||